000
00455nam a2200181Ia 4500
008
090124s9999 xx 000 0 und d
082
_b
47434
100
_a
दिवाण वृंदा
245
_a
विळखा
250
_a
1
260
_c
2008
300
_a
200
600
_a
दिवाण वृंदा
630
_a
विळखा
700
_a
दिवाण वृंदा
730
_a
विळखा
942
_c
BOOK
999
_c
113692
_d
113692